| 000 | 01321cam a2200409 i 4500 | ||
|---|---|---|---|
| 001 | 19839978 | ||
| 003 | OSt | ||
| 005 | 20260702095430.0 | ||
| 008 | 170726s2017 nju b 001 0 eng | ||
| 010 | _a 2017016902 | ||
| 020 |
_a9781629952277 _qpbk. |
||
| 020 | _z9781629952284 (epub) | ||
| 020 | _z9781629952291 (mobi) | ||
| 035 | _a19839978 | ||
| 040 |
_aDLC _beng _cDLC _erda _dDLC |
||
| 042 | _apcc | ||
| 050 | 0 | 0 |
_aB2430.D484 _bW38 2017 |
| 082 | 0 | 0 |
_a194 _223 |
| 100 | 1 |
_aWatkin, Christopher, _eauthor. |
|
| 245 | 1 | 0 |
_aJacques Derrida / _cChristopher Watkin. |
| 264 | 1 |
_aPhillipsburg, New Jersey : _bP&R Publishing, _c[2017] |
|
| 300 |
_axxx, 148 pages ; _c23 cm |
||
| 336 |
_atext _btxt _2rdacontent |
||
| 337 |
_aunmediated _bn _2rdamedia |
||
| 338 |
_avolume _bnc _2rdacarrier |
||
| 490 | 0 | _aGreat thinkers | |
| 504 | _aIncludes bibliographical references and index. | ||
| 583 |
_aCataloguing: _c20260702 _kgtanuigtanui |
||
| 600 | 1 | 0 | _aDerrida, Jacques. |
| 600 | 1 | 0 |
_aVan Til, Cornelius, _d1895-1987. |
| 650 | 0 | _aDeconstruction. | |
| 650 | 0 | _aPhilosophy and religion. | |
| 650 | 0 | _aChristian philosophy. | |
| 906 |
_a7 _bcbc _corignew _d1 _eecip _f20 _gy-gencatlg |
||
| 942 |
_2lcc _cBK |
||
| 999 |
_c21745 _d21744 |
||